Statistiken für Minifiguren in Lego Star Wars Sets

Klicken Sie hier um das Quiz zu spielen!

Allgemein

  • Dieses Quiz wurde 232 mal gespielt
  • Das Durchschnittsergebnis liegt bei 6 aus 10

Antwortstatistiken

FrageAntwort% Korrekt
Grievous Wheelbike 2014General Grievous, Obi Wan Kenobi
88%
Anakins Starfighter 2020Anakin, R2D2
87%
Mandalorian Battle Pack 20114x Mandalorianer
63%
AAT (Armored Assault Tank) 2020Ahsoka Tano, 2x Battle Droid Pilot, Ahsoka Trooper
63%
Sith Nightspeeder 2011Asajj Ventress, Savage Opress, Anakin Skywalker
50%
Mandalorian Speeder 2013Darth Maul, 2x Mandalorian Kommando
49%
At-Rt 2013Yoda, Clone Trooper 501th, Commado Droid Captain
47%
Duel on Geonosis 2013Yoda, Count Dooku, Poggel der Geringere, FA4 Pilot Droid
46%
Geonosian Cannon 2012Barriss Offee, Clone Commander Gree, Geonosianer, Zombie Geonosianer
44%
Gungan Sub 2012Padme Amidala, Jar Jar Binks, Qui Gon Jin, Obi Wan Kenobi
41%

Verteilung der Resultate

Perzentil nach korrekt beantworteten Fragen

Anzahl Personen mit jedem Resultat

Ihre Resultats-Entwicklung

Sie haben dieses Quiz noch nicht gespielt